|
|
|
|
| LEADER |
00000ny a22000003n 4500 |
| 005 |
20110621113310.0 |
| 006 |
m u |
| 007 |
cr cn||||||||| |
| 008 |
200507r2002 sp |||||s|||||||||||spa d |
| 020 |
|
|
|a 9788488030986
|
| 035 |
|
|
|a 2324
|
| 040 |
|
|
|a FlNmELB
|c FlNmELB
|d vlex
|
| 050 |
1 |
4 |
|a K3240
|b H557 2002eb
|
| 080 |
|
|
|a 341.231.14
|
| 090 |
|
|
|c 1305
|d 1305
|
| 100 |
1 |
|
|a Hernandez Gomez, Isabel
|
| 245 |
1 |
0 |
|a Sistemas internacionales de derechos humanos
|h [Recurso electrn̤ico]
|c Isabel Hernandez Gomez
|
| 256 |
|
|
|a Servicio en ln̕ea
|
| 260 |
|
|
|a Madrid :
|b Dykinson ; Vicerrectorado de Investigacion y desarrollo tecnologico Servicio de Publicaciones,
|c 2002
|
| 300 |
|
|
|a [7]-320 p
|
| 506 |
1 |
|
|a Contenido solo disponible en los productos indicados
|d vLex Global
|d vLex Global (Academic Edition, excluding Law Schools)
|d vLex Global (U.S. Academic Edition, Law Schools)
|d vLex Global (U.S. Academic Edition, excluding Law Schools)
|d vLex Global (Academic Edition, Law Schools)
|
| 650 |
0 |
4 |
|a Derechos humanos
|
| 740 |
0 |
|
|a vLex Libros (Servicios en ln̕ea)
|
| 856 |
4 |
0 |
|u http://vlex.com/source/2324
|z Acceso restringido
|
| 942 |
|
|
|c BOOK
|
| 999 |
|
7 |
|a Derecho.
|
| 999 |
|
7 |
|a Derechos humanos.
|
| 999 |
|
7 |
|a Derechos y privilegios.
|
| 999 |
|
7 |
|a Human rights.
|
| 999 |
|
7 |
|a O.N.U
|